Les applications sociales de la solidarité (Record no. 178975)

MARC details
000 -LEADER
campo de control de longitud fija 00913nam a2200229 i 4500
001 - NÚMERO DE CONTROL
campo de control 178975
003 - IDENTIFICADOR DE NÚMERO DE CONTROL
campo de control ES-MaACL
005 - FECHA Y HORA DE LA ÚLTIMA TRANSACCIÓN
campo de control 20251109120945.0
008 - DATOS DE LONGITUD FIJA--INFORMACIÓN GENERAL
campo de control de longitud fija 110816s1904 fr |||| | fre d
245 04 - MENCIÓN DEL TÍTULO
Título Les applications sociales de la solidarité
Resto del título : leçons professées à l'École des Hautes Études Sociales /
Mención de responsabilidad, etc. par P. Budin,... Ch. Gide,... H. Monod,... [et al.] ; préface de M. Léon Bourgeois.
260 ## - PUBLICACIÓN, DISTRIBUCIÓN, ETC.
Lugar de publicación, distribución, etc. Paris :
Nombre del editor, distribuidor, etc. Félix Alcan,
Fecha de publicación, distribución, etc. 1904.
300 ## - DESCRIPCIÓN FÍSICA
Extensión XXII, 261 p. :
Otras características físicas il. ;
Dimensiones 22 cm.
490 1# - MENCIÓN DE SERIE
Mención de serie Bibliothèque générale des sciences sociales ;
Designación de volumen o secuencia 22
650 04 - PUNTO DE ACCESO ADICIONAL DE MATERIA--TÉRMINO DE MATERIA
Término de materia o nombre geográfico como elemento de entrada Solidaridad.
9 (RLIN) 17226
700 1# - ENTRADA AGREGADA--NOMBRE PERSONAL
Nombre de persona Budin, Pierre.
9 (RLIN) 126223
700 1# - ENTRADA AGREGADA--NOMBRE PERSONAL
Nombre de persona Gide, Charles.
9 (RLIN) 56675
700 1# - ENTRADA AGREGADA--NOMBRE PERSONAL
Nombre de persona Monod, Henri,
Fechas asociadas al nombre 1843-1911
9 (RLIN) 147616
700 0# - ENTRADA AGREGADA--NOMBRE PERSONAL
Nombre de persona Bourgeois, Léon.
9 (RLIN) 30985
830 00 - PUNTO DE ACCESO ADICIONAL DE SERIE-TÍTULO UNIFORME
Título uniforme Bibliothèque générale des sciences sociales
Designación de volumen o secuencia 22
9 (RLIN) 187778
852 ## - LOCALIZACIÓN
Ubicación ES-MaACL
Número de control de estantería C-23102
Holdings
Estatus retirado Estado de pérdida Estado de daño No para préstamo Biblioteca de origen Biblioteca actual Ubicación en estantería Fecha de adquisición Fuente de adquisición Total de préstamos Signatura topográfica completa Código de barras Visto por última vez Precio de reemplazo Tipo de ítem Koha
        Biblioteca del Ateneo de Madrid Biblioteca del Ateneo de Madrid Depósito 2 16/08/2011     C-23102 1188002 23/02/2023 23/02/2023 Libro impreso